000 01081cab a2200373 4500
001 ABS52266
008 090401t1995 xxu||||| |||| 00| 0 eng d
035 _a(Sirsi) u69383
041 _aeng
245 _aFocus `95: North Yorkshire and Humberside
260 _c1995
350 _a0
490 _aEstates Gazette
_v(9507) 18 February 1995, 81-103(13)
650 _aASSOCIATED BRITISH PORTS
650 _aEAST COAST PORTS
650 _aGRIMSBY
650 _aHARROGATE
650 _aHULL
650 _aHUMBERSIDE
650 _aINDUSTRIAL DEVELOPMENT
650 _aINWARD INVESTMENT
650 _aNORTH HUMBERSIDE
650 _aNORTH YORKSHIRE
650 _aPROPERTY-COMMERCIAL PROPERTY-OFFICE PROPERTY-OFFICE PROPERTY MARKET
650 _aRETAIL DEVELOPMENT
650 _aPROPERTY-COMMERCIAL PROPERTY-RETAIL PROPERTY-RETAIL PROPERTY MARKET
650 _aSAMSUNG
650 _aSCUNTHORPE
650 _aSOUTH HUMBERSIDE
650 _aYORK
690 _aPROPERTY-COMMERCIAL PROPERTY-COMMERCIAL PROPERTY MARKET
942 _n0
948 _c04/03/1997
999 _c43579
_d43579